Statistics for Audrey Hepburn Movies

Click here to take the quiz!

General Stats

  • This quiz has been taken 144 times
  • The average score is 9 of 26

Answer Stats

YearMovie% Correct
1961Breakfast at Tiffany's
98%
1953Roman Holiday
87%
1964My Fair Lady
74%
1954Sabrina
74%
1963Charade
59%
1957Funny Face
56%
1967Wait Until Dark
40%
1959The Nun's Story
38%
1989Always
36%
1964Paris When It Sizzles
36%
1956War and Peace
36%
1961The Children's Hour
34%
1966How to Steal a Million
31%
1976Robin and Marian
31%
1967Two for the Road
29%
1957Love in the Afternoon
25%
1960The Unforgiven
24%
1959Green Mansions
20%
1979Bloodline
19%
1981They All Laughed
19%
1951The Lavender Hill Mob
17%
1952The Secret People
15%
1951Laughter in Paradise
12%
1951One Wild Oat
12%
1951Young Wives' Tale
12%
1951We Will All Go to Monte Carlo
1%

Score Distribution

Percentile by Number Answered

Percent of People with Each Score

Your Score History

You have not taken this quiz